00509nam a22001812 4500001001100000005001700011008004100028020001700069040001500086100003500101245006100136250001200197260003600209300001500245650003100260700003300291852000300324000002364720151217145942.0130313s xx 000 0 eng d a0073406725 : aKABUcKABU1 aGamble, Teri Kwal.@000006732010aCommunication works /cTeri Kwal Gamble, Michael Gamble. a9th ed. aNew York :bMcGraw Hill,c2009. axx, 524 p. 0aCommunication.@00001515921 aGamble, Michael.@00001832361